Využití časového fondu soukromých podnikatelů nulté generace.

Komplex produktívnych činností. Dôsledky predlžovania pracovnej záťaže. Štruktúra časového fondu súkromných podnikateľov. Závery metodologického charakteru ako výsledok spracovania časových záznamov.

Guardado en:
Detalles Bibliográficos
Autor principal: Vítečková, J.
Otros Autores: Gatnar, L.
Formato: Capítulo de libro
Lenguaje:checo
Materias:
Etiquetas: Agregar Etiqueta
Sin Etiquetas, Sea el primero en etiquetar este registro!

MARC

LEADER 00000naa a2200000 4500
001 r013778
005 20221205080444.6
041 0 |a cze 
044 |a CZ 
245 1 0 |a Využití časového fondu soukromých podnikatelů nulté generace.  |c J. Vítečková, L. Gatnar 
520 |a Komplex produktívnych činností. Dôsledky predlžovania pracovnej záťaže. Štruktúra časového fondu súkromných podnikateľov. Závery metodologického charakteru ako výsledok spracovania časových záznamov. 
610 2 0 |a podnikanie súkromné 
610 2 0 |a podnikatelia 
610 2 0 |a fond časový 
610 2 0 |a zaťaženie pracovné 
100 1 |a Vítečková, J. 
700 1 |a Gatnar, L.